[Event "Turkey Cup 2019"]
[Site "Belek"]
[Date "2019.02.02"]
[Round "10.16"]
[White "Aydincelebi, Kagan"]
[Black "Demirag, Batuhan"]
[Result "0-1"]
[WhiteElo "2206"]
[BlackElo "1906"]
[Annotator "NA RC"]
[PlyCount "72"]
[EventDate "2019.01.27"]
[EventType "swiss"]
[EventCountry "TUR"]
[SourceTitle "playchess.com"]
[Source "ChessBase"]
[SourceQuality "1"]

1. e4 c5 2. Nf3 Nc6 3. Bb5 g6 4. Bxc6 dxc6 5. d3 Bg7 6. Nc3 Nf6 7. Be3 Nd7 8. Qd2 e5 9. O-O-O h6 10. h4 b6 11. Nh2 Nf8 12. g3 Ne6 13. Rdg1 Nd4 14. f4 Qe7 15. h5 Be6 16. hxg6 fxg6 17. g4 exf4 18. Bxf4 g5 19. Bg3 O-O-O 20. Qe3 Rhf8 21. Rf1 Qd7 22. Rf5 Bxf5 23. gxf5 Rde8 24. Qd2 Qf7 25. Ng4 h5 26. Ne3 b5 27. Bd6 b4 28. Nb1 Qxa2 29. Nc4 Rxf5 30. Qh2 g4 31. Bb8 g3 32. Bxg3 Bh6+ 33. Ncd2 Qa4 34. Na3 bxa3 35. b3 Qb4 36. exf5 Qc3 0-1

[Event "Turkey Cup 2019"]
[Site "Belek"]
[Date "2019.02.02"]
[Round "10.17"]
[White "Kilic, Gokturk Kagan"]
[Black "Gulbeyaz, Emir"]
[Result "0-1"]
[WhiteElo "2000"]
[BlackElo "2179"]
[Annotator "NA RC"]
[PlyCount "78"]
[EventDate "2019.01.27"]
[EventType "swiss"]
[EventCountry "TUR"]
[SourceTitle "playchess.com"]
[Source "ChessBase"]
[SourceQuality "1"]

1. e4 g6 2. d4 Bg7 3. Nf3 d6 4. Bc4 Nf6 5. Qe2 O-O 6. e5 dxe5 7. dxe5 Nd5 8. h3 c6 9. O-O Be6 10. Bb3 b5 11. a4 bxa4 12. Bxa4 Qc7 13. c4 Nb6 14. b3 N8d7 15. Re1 Nc5 16. Nbd2 Rfd8 17. Bb2 Nd3 18. Bc3 Nxe1 19. Qxe1 Rd3 20. Ne4 c5 21. Qe2 Rad8 22. Bb5 Bf5 23. Rc1 Bh6 24. Rc2 Qc8 25. Ne1 Rd1 26. Ra2 Bxe4 27. Qxe4 Rc1 28. Ba5 Qf5 29. Bc6 Rdd1 30. Kf1 Ra1 31. Qe2 Rxa2 32. Qxa2 Qxe5 33. Qc2 Rc1 34. Qd3 Qd6 35. Qe4 Bg7 36. Be8 Ra1 37. Bxb6 axb6 38. Qf3 Qe6 39. Qe2 Bc3 0-1

[Event "Turkey Cup 2019"]
[Site "Belek"]
[Date "2019.02.02"]
[Round "10.18"]
[White "Oztekin, Kerem Can"]
[Black "Yeke, Serkan"]
[Result "0-1"]
[WhiteElo "1940"]
[BlackElo "2117"]
[Annotator "NA RC"]
[PlyCount "56"]
[EventDate "2019.01.27"]
[EventType "swiss"]
[EventCountry "TUR"]
[SourceTitle "playchess.com"]
[Source "ChessBase"]
[SourceQuality "1"]

1. c4 Nf6 2. Nc3 c5 3. g3 g6 4. Bg2 Bg7 5. Nf3 O-O 6. d4 Nc6 7. d5 Na5 8. Nd2 d6 9. O-O a6 10. a3 Nd7 11. Qc2 Ne5 12. b3 b5 13. cxb5 axb5 14. Bb2 Qb6 15. h3 Bf5 16. e4 Bd7 17. Kh2 b4 18. axb4 cxb4 19. Na4 Qb5 20. f4 Rfc8 21. Qb1 Nd3 22. Bxg7 Kxg7 23. Nb2 Nc5 24. Rf3 Qe2 25. Rxa5 Qxd2 26. Nc4 Qd4 27. Rxa8 Rxa8 28. Nb6 Ra1 0-1

[Event "Turkey Cup 2019"]
[Site "Belek"]
[Date "2019.02.02"]
[Round "10.19"]
[White "Ererdem, Gani Eren"]
[Black "Demircin, Kasim"]
[Result "1-0"]
[WhiteElo "2137"]
[BlackElo "1878"]
[Annotator "NA RC"]
[PlyCount "171"]
[EventDate "2019.01.27"]
[EventType "swiss"]
[EventCountry "TUR"]
[SourceTitle "playchess.com"]
[Source "ChessBase"]
[SourceQuality "1"]

1. d4 d5 2. Nf3 Nf6 3. c4 e6 4. g3 Be7 5. Bg2 O-O 6. O-O Nbd7 7. Nc3 dxc4 8. e4 Bb4 9. Qe2 c6 10. e5 Nd5 11. Qxc4 N7b6 12. Qd3 h6 13. Ne4 Nd7 14. Nc3 b6 15. a3 Be7 16. h4 a5 17. Re1 Ba6 18. Qe4 Bc4 19. Qg4 Kh7 20. Nd2 Bd3 21. Qf3 Bg6 22. h5 Bf5 23. g4 Bc2 24. Nde4 Rc8 25. Qe2 Bb3 26. Qd3 Kh8 27. Nd2 Nf4 28. Qe4 Nxg2 29. Kxg2 Bd5 30. Nxd5 cxd5 31. Qd3 f5 32. exf6 Nxf6 33. Qg6 Qd7 34. Nf3 Ne4 35. Bxh6 Bd6 36. Rxe4 dxe4 37. Ng5 gxh6 38. Qxh6+ Kg8 39. Qg6+ Qg7 40. Qxg7+ Kxg7 41. Nxe6+ Kh6 42. Nxf8 Rxf8 43. Rc1 Rf6 44. Rc8 Bf4 45. Rh8+ Kg5 46. Rg8+ Kh4 47. f3 exf3+ 48. Kxf3 Bg5+ 49. Ke4 Kxg4 50. d5 Kxh5 51. Ke5 Rf2 52. b4 axb4 53. axb4 Rb2 54. Kf5 Rf2+ 55. Ke6 Rf6+ 56. Ke5 Rf2 57. d6 Bf4+ 58. Ke6 Rd2 59. d7 Bg5 60. b5 Kg4 61. Rxg5+ Kxg5 62. Ke7 Re2+ 63. Kd6 Rd2+ 64. Kc7 Rc2+ 65. Kxb6 Rd2 66. Kc7 Rc2+ 67. Kb7 Rd2 68. Kc8 Rc2+ 69. Kd8 Kf6 70. b6 Kf7 71. b7 Rb2 72. Kc7 Rc2+ 73. Kd6 Rd2+ 74. Kc5 Rc2+ 75. Kd4 Rb2 76. Kc3 Rxb7 77. d8=Q Re7 78. Kd4 Re8 79. Qd7+ Re7 80. Qf5+ Kg7 81. Kd5 Rb7 82. Qg4+ Kf7 83. Qc8 Ra7 84. Qf5+ Ke8 85. Qg6+ Kd8 86. Qb6+ 1-0

[Event "Turkey Cup 2019"]
[Site "Belek"]
[Date "2019.02.02"]
[Round "10.20"]
[White "Yaylali, Adnan Dogan"]
[Black "Okus, Melih"]
[Result "1-0"]
[WhiteElo "1927"]
[BlackElo "2073"]
[Annotator "NA RC"]
[PlyCount "77"]
[EventDate "2019.01.27"]
[EventType "swiss"]
[EventCountry "TUR"]
[SourceTitle "playchess.com"]
[Source "ChessBase"]
[SourceQuality "1"]

1. d4 d6 2. Nf3 g6 3. c4 Bg7 4. e4 Nf6 5. Nc3 O-O 6. Be2 c6 7. O-O e5 8. Re1 Nbd7 9. Bf1 Re8 10. d5 c5 11. Nb5 Nf8 12. a3 h6 13. b4 Nxe4 14. Rxe4 f5 15. Nd2 a6 16. Nxd6 Qxd6 17. bxc5 Qxc5 18. Nb3 Qc7 19. Re1 e4 20. Ra2 Bd7 21. a4 g5 22. c5 Ng6 23. Qc2 Ne5 24. Bb2 Nd3 25. Bxg7 Nxe1 26. Qc3 Bxa4 27. Rxa4 Qxg7 28. Qxe1 Qb2 29. d6 Kf8 30. Rb4 f4 31. Rxb7 e3 32. fxe3 Rxe3 33. Qd2 Qxd2 34. Nxd2 a5 35. Nc4 Rc3 36. c6 a4 37. c7 Rb3 38. Rxb3 axb3 39. d7 1-0

[Event "Turkey Cup 2019"]
[Site "Belek"]
[Date "2019.02.02"]
[Round "10.21"]
[White "Bayik, Hasan"]
[Black "Baylav, Can"]
[Result "*"]
[WhiteElo "1825"]
[BlackElo "2108"]
[Annotator "NA"]
[PlyCount "68"]
[EventDate "2019.01.27"]
[EventType "swiss"]
[EventCountry "TUR"]
[SourceTitle "playchess.com"]
[Source "ChessBase"]
[SourceQuality "1"]

1. d4 Nf6 2. c4 g6 3. Nc3 d5 4. cxd5 Nxd5 5. e4 Nxc3 6. bxc3 Bg7 7. Be3 c5 8. Nf3 Qa5 9. Qd2 O-O 10. Rc1 Rd8 11. d5 e6 12. c4 Qxd2+ 13. Kxd2 b6 14. Kc2 Na6 15. a3 Nc7 16. Bd3 Bd7 17. Rb1 Ba4+ 18. Kd2 b5 19. Bf4 Ne8 20. Rhc1 exd5 21. exd5 Nf6 22. Be3 Rac8 23. cxb5 Nxd5 24. Rc4 Nc3 25. Rxc3 c4 26. Nd4 Bxd4 27. Bxd4 Rxd4 28. Rb4 Bxb5 29. Rxb5 Rcd8 30. Ra5 cxd3 31. Rb5 a5 32. Rbb3 a4 33. Rb7 Kf8 34. Rbc7 Rb8 *

[Event "Turkey Cup 2019"]
[Site "Belek"]
[Date "2019.02.02"]
[Round "10.22"]
[White "Erdogan, Anil Berk"]
[Black "Degirmenci, Yagiz"]
[Result "1-0"]
[WhiteElo "2090"]
[BlackElo "1872"]
[Annotator "NA"]
[PlyCount "95"]
[EventDate "2019.01.27"]
[EventType "swiss"]
[EventCountry "TUR"]
[SourceTitle "playchess.com"]
[Source "ChessBase"]
[SourceQuality "1"]

1. e4 e5 2. Nf3 Nc6 3. Bb5 a6 4. Ba4 Nf6 5. O-O Be7 6. d3 b5 7. Bb3 d6 8. a3 O-O 9. Nc3 Bg4 10. Be3 Na5 11. Ba2 c5 12. Nd5 Nc6 13. c3 Rc8 14. h3 Nxd5 15. Bxd5 Be6 16. d4 Bxd5 17. exd5 cxd4 18. cxd4 Nxd4 19. Bxd4 exd4 20. Nxd4 Bf6 21. Nc6 Qd7 22. Qd2 Rfe8 23. Rae1 Rxe1 24. Rxe1 Re8 25. b3 g6 26. Rxe8+ Qxe8 27. Qe3 Qd7 28. Qf4 Kg7 29. Kf1 h5 30. g4 hxg4 31. hxg4 g5 32. Qe4 Qc8 33. Kg2 Qd7 34. Kf3 Qc8 35. Kg2 Qd7 36. Kg3 Qc7 37. Qe3 Qd7 38. Qa7 Qc8 39. Qb8 Qd7 40. f3 Bb2 41. a4 bxa4 42. bxa4 Bc3 43. Qd8 Qb7 44. Qxg5+ Kh8 45. Ne7 Be5+ 46. Kh3 Kh7 47. Qg8+ Kh6 48. Nf5# 1-0

[Event "Turkey Cup 2019"]
[Site "Belek"]
[Date "2019.02.02"]
[Round "10.23"]
[White "Selvi, Kaan"]
[Black "Caglar, Ahmet Ata"]
[Result "1-0"]
[WhiteElo "1854"]
[BlackElo "2093"]
[Annotator "NA"]
[PlyCount "113"]
[EventDate "2019.01.27"]
[EventType "swiss"]
[EventCountry "TUR"]
[SourceTitle "playchess.com"]
[Source "ChessBase"]
[SourceQuality "1"]

1. e4 c5 2. Nf3 Nc6 3. d4 cxd4 4. Nxd4 e5 5. Nb5 d6 6. N1c3 a6 7. Na3 b5 8. Nd5 Nge7 9. c4 Nd4 10. Bd3 Nxd5 11. cxd5 g6 12. O-O Bg7 13. Be3 O-O 14. Qd2 f5 15. f3 f4 16. Bxd4 exd4 17. Nc2 Bd7 18. Rac1 a5 19. a3 Rc8 20. Na1 Qb6 21. Rxc8 Rxc8 22. Rc1 Rxc1+ 23. Qxc1 b4 24. Nc2 b3 25. Ne1 g5 26. Qc4 a4 27. Kf1 Kf7 28. Ke2 h5 29. Qa6 Qb8 30. Bc4 d3+ 31. Nxd3 Ke7 32. Nb4 Bxb2 33. Nc6+ Bxc6 34. dxc6 Bd4 35. Qxa4 b2 36. Ba2 Be5 37. Qc4 Kd8 38. Qg8+ Kc7 39. Qxb8+ Kxb8 40. Kd3 Kc7 41. Kc4 Kxc6 42. h3 Kb6 43. Bb1 Ka5 44. Bc2 Kb6 45. Kd5 Kb5 46. Ke6 Kc4 47. Kf5 Kc3 48. Bb1 Kd2 49. Kxg5 Kc1 50. Ba2 b1=Q 51. Bxb1 Kxb1 52. Kxh5 Kc2 53. a4 Bd4 54. Kg5 Kb3 55. Kxf4 Kxa4 56. Kf5 Kb5 57. Ke6 1-0

[Event "Turkey Cup 2019"]
[Site "Belek"]
[Date "2019.02.02"]
[Round "10.24"]
[White "Percin, Onder"]
[Black "Temel, Burcu Melis"]
[Result "1-0"]
[WhiteElo "2084"]
[BlackElo "1796"]
[Annotator "NA RC"]
[PlyCount "71"]
[EventDate "2019.01.27"]
[EventType "swiss"]
[EventCountry "TUR"]
[SourceTitle "playchess.com"]
[Source "ChessBase"]
[SourceQuality "1"]

1. e4 c5 2. Nc3 Nc6 3. g3 g6 4. Bg2 Bg7 5. d3 d6 6. f4 Nf6 7. Nf3 O-O 8. O-O Rb8 9. h3 b5 10. Qe1 b4 11. Nd1 Nd4 12. Qf2 Nxf3+ 13. Qxf3 Bb7 14. Qe2 d5 15. e5 Ne8 16. a3 a5 17. Bd2 Qb6 18. Kh2 Nc7 19. Nf2 f6 20. axb4 axb4 21. c3 fxe5 22. fxe5 Ne6 23. Ng4 h5 24. Nh6+ Kh7 25. Nf7 d4 26. c4 Bxg2 27. Qxg2 Qb7 28. Qd5 Qxd5 29. cxd5 Nd8 30. Ng5+ Kg8 31. Rxf8+ Kxf8 32. e6 Nb7 33. Bf4 Nd6 34. Nf7 Nxf7 35. Bxb8 Ne5 36. Ra8 1-0

[Event "Turkey Cup 2019"]
[Site "Belek"]
[Date "2019.02.02"]
[Round "10.25"]
[White "Eke, Salih"]
[Black "Buker, Muhittin"]
[Result "1-0"]
[WhiteElo "1801"]
[BlackElo "1978"]
[Annotator "NA RC"]
[PlyCount "49"]
[EventDate "2019.01.27"]
[EventType "swiss"]
[EventCountry "TUR"]
[SourceTitle "playchess.com"]
[Source "ChessBase"]
[SourceQuality "1"]

1. d4 Nf6 2. c4 g6 3. g3 Bg7 4. Bg2 O-O 5. Nf3 c5 6. O-O d6 7. Nc3 Nc6 8. dxc5 dxc5 9. Be3 Be6 10. Qa4 Nd4 11. Bxd4 cxd4 12. Nb5 Nd7 13. Nfxd4 a6 14. Nxe6 fxe6 15. Rad1 Qc8 16. Nc3 Nc5 17. Qc2 Bxc3 18. Qxc3 a5 19. b3 Qc7 20. a3 a4 21. b4 Nb3 22. Rd3 Rad8 23. Rfd1 b6 24. Bh3 h6 25. Bxe6+ 1-0

[Event "Turkey Cup 2019"]
[Site "Belek"]
[Date "2019.02.02"]
[Round "10.26"]
[White "Aslan, Dogukan"]
[Black "Daghan, Devran"]
[Result "1/2-1/2"]
[WhiteElo "1709"]
[BlackElo "2020"]
[Annotator "NA"]
[PlyCount "128"]
[EventDate "2019.01.27"]
[EventType "swiss"]
[EventCountry "TUR"]
[SourceTitle "playchess.com"]
[Source "ChessBase"]
[SourceQuality "1"]

1. d4 d5 2. c4 e6 3. Nc3 f5 4. Nf3 Nf6 5. g3 c6 6. Bg2 Be7 7. O-O O-O 8. b3 a5 9. Bb2 Nbd7 10. Qc2 Ne4 11. Ne1 Ndf6 12. f3 Ng5 13. cxd5 exd5 14. Nd3 Qe8 15. Ne5 Qh5 16. f4 Nf7 17. Bf3 Qh6 18. Na4 Ne4 19. Nb6 Rb8 20. Ned7 Bxd7 21. Nxd7 g5 22. Nxb8 Rxb8 23. Bxe4 fxe4 24. Qd2 Ra8 25. Bc3 a4 26. Bb4 Bf6 27. e3 gxf4 28. gxf4 Qh5 29. Kh1 Nh6 30. Rg1+ Kf7 31. Qd1 Qxd1 32. Raxd1 Nf5 33. Rde1 axb3 34. axb3 Ra6 35. Bc5 Ra5 36. Bb4 Rb5 37. Bd2 Rxb3 38. Rb1 Rd3 39. Rxb7+ Ke6 40. Bc1 Nxe3 41. Bxe3 Rxe3 42. Rc1 Bxd4 43. Rxc6+ Kf5 44. Rd7 Kg4 45. Rc1 Kxf4 46. Rxd5 Rd3 47. Rf1+ Ke3 48. Re1+ Kf2 49. Rc1 e3 50. Rf5+ Ke2 51. Rff1 Bc3 52. h3 Bd2 53. Rb1 Rd7 54. Rg1 Kd3 55. Kg2 e2 56. Rb3+ Bc3 57. Re1 Rg7+ 58. Kf3 Rf7+ 59. Kg2 Re7 60. Kf3 Rf7+ 61. Kg2 Re7 62. Kf3 Rf7+ 63. Kg2 Rc7 64. Kf2 Rf7+ 1/2-1/2

[Event "Turkey Cup 2019"]
[Site "Belek"]
[Date "2019.02.02"]
[Round "10.27"]
[White "Aydogdu, Cagatay"]
[Black "Ozsakallioglu, Okan"]
[Result "0-1"]
[WhiteElo "1727"]
[BlackElo "2051"]
[Annotator "NA RC"]
[PlyCount "90"]
[EventDate "2019.01.27"]
[EventType "swiss"]
[EventCountry "TUR"]
[SourceTitle "playchess.com"]
[Source "ChessBase"]
[SourceQuality "1"]

1. e4 c5 2. Nf3 d6 3. Nc3 Nc6 4. Bb5 Bd7 5. O-O e5 6. d3 Nf6 7. Bxc6 Bxc6 8. Qe2 Be7 9. Ne1 O-O 10. f4 b5 11. fxe5 dxe5 12. Nf3 b4 13. Nd1 c4 14. Ne3 cxd3 15. cxd3 Bb5 16. Nc4 Nd7 17. Be3 f6 18. b3 Nc5 19. Rad1 Qd7 20. Kh1 Rfd8 21. d4 Nxe4 22. dxe5 Qe6 23. Bd4 f5 24. Bb2 Qh6 25. Kg1 Bc5+ 26. Bd4 Nc3 27. Qc2 Bxd4+ 28. Rxd4 Rxd4 29. Nxd4 Bxc4 30. bxc4 Qe3+ 31. Kh1 Qxd4 32. Qxf5 Qxc4 33. e6 Qc7 34. h4 Qe7 35. Qg4 Rf8 36. Rf7 Rxf7 37. exf7+ Kxf7 38. Qf5+ Qf6 39. Qd7+ Kg6 40. Qg4+ Kh6 41. Qxb4 Qe5 42. a3 Ne4 43. g4 Qf4 44. Qe7 Qf1+ 45. Kh2 Qf2+ 0-1

[Event "Turkey Cup 2019"]
[Site "Belek"]
[Date "2019.02.02"]
[Round "10.28"]
[White "Buke, Furkan"]
[Black "Camdereli, Gunduz"]
[Result "1-0"]
[WhiteElo "2044"]
[BlackElo "1724"]
[Annotator "NA RC"]
[PlyCount "57"]
[EventDate "2019.01.27"]
[EventType "swiss"]
[EventCountry "TUR"]
[SourceTitle "playchess.com"]
[Source "ChessBase"]
[SourceQuality "1"]

1. e4 c6 2. d4 d5 3. e5 Bf5 4. Nf3 h6 5. Be2 e6 6. O-O Nd7 7. Nbd2 g5 8. Ne1 Ne7 9. Nb3 Bg7 10. Nd3 Ng6 11. Bh5 Qe7 12. Bd2 Bxd3 13. cxd3 Nf4 14. Bxf4 gxf4 15. Qg4 Rg8 16. Qxf4 O-O-O 17. Qxf7 Qg5 18. f4 Qh4 19. Be2 h5 20. Qxe6 Rde8 21. Qf7 Ref8 22. Qxh5 Qe7 23. Bg4 Kb8 24. Bxd7 Qxd7 25. Nc5 Qe7 26. Qh3 Rf7 27. Qe6 Qc7 28. f5 Bf8 29. Qe8+ 1-0

[Event "Turkey Cup 2019"]
[Site "Belek"]
[Date "2019.02.02"]
[Round "10.29"]
[White "Ozata, Doruk"]
[Black "Kocyigit, Buse Naz"]
[Result "1-0"]
[WhiteElo "1778"]
[BlackElo "2043"]
[Annotator "NA RC"]
[PlyCount "63"]
[EventDate "2019.01.27"]
[EventType "swiss"]
[EventCountry "TUR"]
[SourceTitle "playchess.com"]
[Source "ChessBase"]
[SourceQuality "1"]

1. e4 c5 2. Nc3 d6 3. g3 Nc6 4. Bg2 g6 5. d3 Bg7 6. Be3 Rb8 7. Qd2 b5 8. Nd1 Qb6 9. c3 a5 10. Ne2 e5 11. O-O Nge7 12. h3 O-O 13. g4 b4 14. Bh6 bxc3 15. bxc3 Ba6 16. Bxg7 Kxg7 17. f4 a4 18. f5 f6 19. g5 a3 20. Ng3 c4+ 21. Kh2 Ng8 22. fxg6 hxg6 23. gxf6+ Rxf6 24. Rxf6 Nxf6 25. Qg5 Bc8 26. Ne3 Ne7 27. Rf1 Neg8 28. Nef5+ Bxf5 29. Nxf5+ Kh7 30. Nh4 cxd3 31. Qxg6+ Kh8 32. Qf7 1-0

[Event "Turkey Cup 2019"]
[Site "Belek"]
[Date "2019.02.02"]
[Round "10.30"]
[White "Deniz, Medeni"]
[Black "Yenil, Mucahit"]
[Result "0-1"]
[WhiteElo "1933"]
[BlackElo "1714"]
[Annotator "NA RC"]
[PlyCount "38"]
[EventDate "2019.01.27"]
[EventType "swiss"]
[EventCountry "TUR"]
[SourceTitle "playchess.com"]
[Source "ChessBase"]
[SourceQuality "1"]

1. Nf3 Nf6 2. d4 g6 3. g3 Bg7 4. Bg2 O-O 5. O-O d6 6. c4 Nbd7 7. Nc3 c5 8. b3 Qa5 9. Bb2 cxd4 10. Nxd4 a6 11. Qd2 Qh5 12. e4 Ne5 13. f4 Neg4 14. Nf3 Qc5+ 15. Kh1 Ne3 16. Rfe1 Nxg2 17. Kxg2 Qh5 18. h4 Qg4 19. Nd5 Qh3+ 0-1

[Event "Turkey Cup 2019"]
[Site "Belek"]
[Date "2019.02.02"]
[Round "10.31"]
[White "Yucesoy, Atil"]
[Black "Aydin, Ismail"]
[Result "0-1"]
[WhiteElo "1685"]
[BlackElo "1950"]
[Annotator "NA"]
[PlyCount "120"]
[EventDate "2019.01.27"]
[EventType "swiss"]
[EventCountry "TUR"]
[SourceTitle "playchess.com"]
[Source "ChessBase"]
[SourceQuality "1"]

1. d4 d5 2. Bf4 Nf6 3. e3 e6 4. Nf3 c5 5. c3 Nc6 6. Nbd2 Qb6 7. Qb3 c4 8. Qc2 Qa5 9. Ne5 Bd7 10. Nxc6 Bxc6 11. b4 cxb3 12. Nxb3 Qa4 13. Bd3 Rc8 14. O-O Bd7 15. Rfc1 Ba3 16. Nc5 Bxc5 17. dxc5 Qxc2 18. Rxc2 Rxc5 19. Rb1 Ba4 20. Rcc1 b5 21. c4 dxc4 22. Bxc4 Ke7 23. Bb3 Rxc1+ 24. Rxc1 Bxb3 25. Rc7+ Nd7 26. axb3 Ra8 27. Rb7 a6 28. Be5 f6 29. Bc3 Kd6 30. Ba5 Rc8 31. Kf1 Rc1+ 32. Ke2 Rb1 33. b4 Rc1 34. Ra7 Rc2+ 35. Kf3 Rc6 36. Ke2 h5 37. f4 g5 38. Ra8 g4 39. Rh8 Rc2+ 40. Kf1 f5 41. Rxh5 Nf6 42. Rh8 Nd5 43. g3 Nxe3+ 44. Ke1 Kd5 45. Bb6 Ke4 46. h4 gxh3 47. Rxh3 Kd3 48. Bxe3 Kxe3 49. Kd1 Rc6 50. Rh6 Kd3 51. g4 fxg4 52. f5 g3 53. f6 e5 54. Rg6 g2 55. Rg3+ Kc4 56. Rg4+ Kb3 57. Rxg2 Rxf6 58. Re2 Rd6+ 59. Kc1 Rd5 60. Re4 Kc3 0-1

[Event "Turkey Cup 2019"]
[Site "Belek"]
[Date "2019.02.02"]
[Round "10.32"]
[White "Erdal, Emre"]
[Black "Yelligedik, Murat"]
[Result "1-0"]
[WhiteElo "1615"]
[BlackElo "2055"]
[Annotator "NA RC"]
[PlyCount "141"]
[EventDate "2019.01.27"]
[EventType "swiss"]
[EventCountry "TUR"]
[SourceTitle "playchess.com"]
[Source "ChessBase"]
[SourceQuality "1"]

1. e4 e5 2. Nf3 Nc6 3. d4 exd4 4. Nxd4 Nf6 5. Nxc6 bxc6 6. e5 Qe7 7. Qe2 Nd5 8. c4 Ba6 9. b3 g6 10. Bb2 Bg7 11. g3 O-O 12. Bg2 Rfe8 13. O-O Nb6 14. f4 f6 15. Re1 fxe5 16. fxe5 Rab8 17. Bd4 c5 18. Bc3 d5 19. Nd2 d4 20. Ba5 Qxe5 21. Qf2 Qf6 22. Ne4 Qxf2+ 23. Kxf2 Re5 24. Bd2 Rf8+ 25. Kg1 Bc8 26. Bf4 Re7 27. Nxc5 Rfe8 28. Nd3 Bf5 29. Rxe7 Rxe7 30. Re1 Rxe1+ 31. Nxe1 c5 32. Bf1 Bb1 33. Bd3 Bxa2 34. Bc2 Bf8 35. Nd3 Nxc4 36. bxc4 Bxc4 37. Bb8 a5 38. Nb2 Bd5 39. Bd3 Kf7 40. Bc7 a4 41. Nxa4 c4 42. Bb1 Ke6 43. Kf2 c3 44. Bc2 Bc4 45. Ba5 Bg7 46. Nc5+ Kd5 47. Nd3 Bf6 48. Kf3 Be7 49. Kf4 Ba2 50. Bb4 Bf6 51. Bxc3 Bc4 52. Bb4 Bd8 53. h3 Bc7+ 54. Kf3 h5 55. Nf4+ Kc6 56. Bxg6 Kb5 57. Bd2 h4 58. gxh4 Kc5 59. h5 Be5 60. Be4 Kd6 61. Bb4+ Kd7 62. h6 Bf7 63. h7 Ke8 64. Bg6 Bg7 65. h4 Bxg6 66. Nxg6 Kf7 67. h8=Q Bxh8 68. Nxh8+ Kg7 69. Ke4 Kxh8 70. Kxd4 Kh7 71. Ke4 1-0

[Event "Turkey Cup 2019"]
[Site "Belek"]
[Date "2019.02.02"]
[Round "10.33"]
[White "Karadeniz, Ali Emre"]
[Black "Hereklioglu, Sude"]
[Result "1-0"]
[WhiteElo "2257"]
[BlackElo "1951"]
[Annotator "NA RC"]
[PlyCount "79"]
[EventDate "2019.01.27"]
[EventType "swiss"]
[EventCountry "TUR"]
[SourceTitle "playchess.com"]
[Source "ChessBase"]
[SourceQuality "1"]

1. d4 Nf6 2. c4 g6 3. Nf3 Bg7 4. g3 c5 5. Bg2 O-O 6. O-O cxd4 7. Nxd4 Nc6 8. Nc3 Qb6 9. Nc2 d6 10. b3 Qa5 11. Nb5 a6 12. Bd2 Qb6 13. Nc3 Ne5 14. Na4 Qc7 15. Be3 Nfd7 16. Rc1 Ng4 17. Bd4 e5 18. Bb2 Bh6 19. e3 Nc5 20. Nc3 f5 21. b4 Ne6 22. Nd5 Qd8 23. h3 Ng5 24. f4 Nxh3+ 25. Bxh3 Bg7 26. Bxg4 fxg4 27. fxe5 dxe5 28. Rxf8+ Qxf8 29. Nb6 Rb8 30. Bxe5 Bf5 31. Qd5+ Kh8 32. e4 Bxe4 33. Qxe4 Re8 34. Rf1 Qe7 35. Bxg7+ Kxg7 36. Qxg4 h5 37. Qd4+ Kh7 38. Nd5 Qe5 39. Nf6+ Kh6 40. Qd2+ 1-0

[Event "Turkey Cup 2019"]
[Site "Belek"]
[Date "2019.02.02"]
[Round "10.34"]
[White "Kul, Ozdemir Efe"]
[Black "Sayin, Atakan"]
[Result "*"]
[WhiteElo "1998"]
[BlackElo "1921"]
[Annotator "NA"]
[PlyCount "64"]
[EventDate "2019.01.27"]
[EventType "swiss"]
[EventCountry "TUR"]
[SourceTitle "playchess.com"]
[Source "ChessBase"]
[SourceQuality "1"]

1. e4 e6 2. d3 d5 3. Nd2 c5 4. Ngf3 Nc6 5. g3 Nf6 6. Bg2 Be7 7. O-O b5 8. Re1 Bb7 9. c3 dxe4 10. dxe4 O-O 11. e5 Nd5 12. Qe2 a6 13. a4 c4 14. h4 Rc8 15. axb5 axb5 16. Nf1 b4 17. Qc2 Qc7 18. h5 Na5 19. Nd4 Nc6 20. Nf5 Bc5 21. Bxd5 exd5 22. Qe2 Ne7 23. Nxg7 Kxg7 24. Qg4+ Kh8 25. Bh6 Rg8 26. Qf3 Qc6 27. e6 f5 28. Qf4 Rg4 29. Qe5+ Kg8 30. Ra6 Bxa6 31. Nh2 Qc7 32. Qf6 Qxg3+ *

[Event "Turkey Cup 2019"]
[Site "Belek"]
[Date "2019.02.02"]
[Round "10.35"]
[White "Demirtas, Hafize"]
[Black "Kizilkus, Akin"]
[Result "0-1"]
[WhiteElo "1929"]
[BlackElo "2100"]
[Annotator "NA RC"]
[PlyCount "88"]
[EventDate "2019.01.27"]
[EventType "swiss"]
[EventCountry "TUR"]
[SourceTitle "playchess.com"]
[Source "ChessBase"]
[SourceQuality "1"]

1. e4 e6 2. d4 d5 3. Nc3 Nf6 4. Bg5 Bb4 5. exd5 Qxd5 6. Bxf6 Bxc3+ 7. bxc3 gxf6 8. Qd2 Bd7 9. c4 Qe4+ 10. Ne2 Nc6 11. f3 Qf5 12. Ng3 Qa5 13. c3 O-O-O 14. Rb1 e5 15. d5 Ne7 16. Qb2 b6 17. Bd3 h5 18. O-O f5 19. Qc2 f4 20. Nf5 Nxf5 21. Bxf5 Qc5+ 22. Kh1 Qxc4 23. Rfd1 Kb8 24. Bxd7 Rxd7 25. Qb3 Qxb3 26. axb3 Rhd8 27. Re1 Rxd5 28. c4 Rc5 29. g3 fxg3 30. hxg3 Rd3 31. Re4 Rxf3 32. Kg2 Rf5 33. b4 Rc6 34. b5 Rd6 35. g4 Rg5 36. Kh3 Rd3+ 37. Kh4 Rxg4+ 38. Rxg4 hxg4 39. Kxg4 Rd4+ 40. Kf5 Rxc4 41. Kxe5 Kb7 42. Kf6 a6 43. bxa6+ Kxa6 44. Kxf7 Re4 0-1

[Event "Turkey Cup 2019"]
[Site "Belek"]
[Date "2019.02.02"]
[Round "10.36"]
[White "Koc, Ilkay"]
[Black "Caner, Resul"]
[Result "1-0"]
[WhiteElo "2000"]
[BlackElo "1884"]
[Annotator "NA RC"]
[PlyCount "59"]
[EventDate "2019.01.27"]
[EventType "swiss"]
[EventCountry "TUR"]
[SourceTitle "playchess.com"]
[Source "ChessBase"]
[SourceQuality "1"]

1. d4 d5 2. c4 c6 3. Nf3 e6 4. e3 Nf6 5. b3 Nbd7 6. Bd3 Bd6 7. Bb2 O-O 8. O-O Re8 9. Ne5 c5 10. f4 Qc7 11. Nc3 b6 12. Nb5 Qb8 13. Nc6 Qb7 14. Nxd6 Qxc6 15. Nxe8 Nxe8 16. cxd5 exd5 17. dxc5 bxc5 18. Qc2 h6 19. e4 d4 20. e5 Bb7 21. Rae1 Nc7 22. Be4 Nd5 23. Qd3 N7b6 24. Qg3 Qd7 25. f5 f6 26. e6 Qe7 27. Bc1 Kh8 28. Qh4 Rf8 29. Rf3 Ba6 30. Bxh6 1-0

[Event "Turkey Cup 2019"]
[Site "Belek"]
[Date "2019.02.02"]
[Round "10.37"]
[White "Dogdu, Mehmet"]
[Black "Cam, Vedat"]
[Result "0-1"]
[WhiteElo "1940"]
[BlackElo "1882"]
[Annotator "NA RC"]
[PlyCount "136"]
[EventDate "2019.01.27"]
[EventType "swiss"]
[EventCountry "TUR"]
[SourceTitle "playchess.com"]
[Source "ChessBase"]
[SourceQuality "1"]

1. e4 c6 2. d4 g6 3. Nc3 Bg7 4. Bg5 d6 5. Qd2 Nd7 6. Nf3 Qc7 7. Be2 a5 8. O-O Ngf6 9. Rad1 O-O 10. Rfe1 e5 11. d5 c5 12. Nb5 Qb8 13. Bf1 Re8 14. h3 Nf8 15. Qe3 Bd7 16. Nd2 Bxb5 17. Bxb5 N6d7 18. Qf3 h6 19. Be3 Qd8 20. Nc4 Qe7 21. a4 b6 22. Bd2 Rab8 23. Re3 Nh7 24. Rb3 Nhf8 25. Re1 Rec8 26. Bc6 h5 27. h4 Kh7 28. Qh3 Rd8 29. Bg5 Bf6 30. Qf3 Bxg5 31. hxg5 Kg7 32. Qc3 Qxg5 33. Nxd6 Nf6 34. Nc4 N8d7 35. Qh3 h4 36. f3 Qf4 37. Qh2 Qg5 38. Kf2 Rh8 39. Qh3 Rhd8 40. Rh1 Qf4 41. Ke2 g5 42. Ne3 Nh5 43. Bxd7 Ng3+ 44. Kd3 Nxh1 45. Qxh1 Rxd7 46. g3 hxg3 47. Qh3 c4+ 48. Kxc4 Rc7+ 49. Kb5 Qf6 50. d6 Rc5+ 51. Ka6 Rh8 52. Qd7 g2 53. Nxg2 Rd8 54. Qe7 Rxd6 55. Qxf6+ Rxf6 56. Ne3 Rxf3 57. Kxb6 Rxc2 58. Nf5+ Rxf5 59. exf5 Kf6 60. Kxa5 g4 61. Kb6 Kxf5 62. a5 Kf4 63. Rb4+ e4 64. Kb7 Rc5 65. a6 Ra5 66. a7 g3 67. Rb6 Rxa7+ 68. Kxa7 g2 0-1